Meranie zaťaženia spojovacej tyče na zavesení prednej nápravy vozidla

Na minha lista:
Detalhes bibliográficos
Autor principal: Kašička, Adam (Author)
Outros Autores: Goga, Vladimír (Thesis advisor)
Formato: Manuscrito Livro
Idioma:eslovaco
Publicado em: Bratislava : STU v Bratislave FEI, 2023
Assuntos:
Acesso em linha:https://opac.crzp.sk/?fn=detailBiblioFormChildA5DLG&sid=52D5268610832158DDA190036F77&seo=CRZP-detail-kniha
Tags: Adicionar Tag
Sem tags, seja o primeiro a adicionar uma tag!

MARC

LEADER 00000ntm a22000003a 4500
001 stuzp93011
003 SK-STU
005 20240306103339.7
007 ta
008 150427s2015----xo-----f-mn---000-0-slo-d
040 |a STU  |b slo 
041 0 |a slo 
044 |a xo 
100 1 |a Kašička, Adam  |u 030400  |4 aut  |U FEI Fakulta elektrotechniky a informatiky  |T FEI Ústav automobilovej mechatroniky  |X 111004  |U E400  |Y 642  |7 111004 
242 0 1 |a Measuring the load of the connecting rod on the suspension of the front axle of the vehicle  |y eng 
245 1 0 |a Meranie zaťaženia spojovacej tyče na zavesení prednej nápravy vozidla 
260 |a Bratislava :  |b STU v Bratislave FEI,  |c 2023 
300 |a 51 s. 
650 4 |a mechanické napätie  |2 slo 
650 4 |a tenzometria  |2 slo 
650 4 |a zavesenie prednej nápravy  |2 slo 
650 4 |a formula študent  |2 slo 
650 4 |a strain gauge  |2 eng 
650 4 |a mechanical stress  |2 eng 
650 4 |a front axle suspension  |2 eng 
650 4 |a student formula  |2 eng 
700 1 |a Goga, Vladimír  |u 030400  |k Z1  |4 ths  |U FEI Fakulta elektrotechniky a informatiky  |T FEI Ústav automobilovej mechatroniky  |X 10291  |U E400  |Y 642  |7 A000010291 
856 4 |u https://opac.crzp.sk/?fn=detailBiblioFormChildA5DLG&sid=52D5268610832158DDA190036F77&seo=CRZP-detail-kniha